El descubrimiento de nuevos mundos (Registro nro. 2102)
[ vista simple ]
| 000 -CABECERA | |
|---|---|
| Longitud fija campo de control | 00642nam a22001931b 4500 |
| 001 - NÚMERO DE CONTROL | |
| Número de control | 00000000068693 |
| 003 - IDENTIFICADOR DELl NÚMERO DE CONTROL | |
| Identificador del número de control | OSt |
| 005 - FECHA Y HORA DE LA ÚLTIMA TRANSACCIÓN | |
| Fecha y hora de la última transacción | 20140218213002.0 |
| 008 - CÓDIGOS DE INFORMACIÓN DE LONGITUD FIJA | |
| Códigos de información de longitud fija | 020226s1992 esp 0011 spa d |
| 020 ## - NÚMERO INTERNACIONAL NORMALIZADO PARA LIBROS | |
| Número Internacional Normalizado para Libros (ISBN) | 84-87146-77-5 |
| 040 ## - FUENTE DE LA CATALOGACIÓN | |
| Centro catalogador de origen | BN |
| Centro transcriptor | BMC |
| 082 ## - NÚMERO DE LA CLASIFICACIÓN DECIMAL DEWEY | |
| Númeroo de clasificación | 001.4060 |
| 111 2# - PUNTO DE ACCESO PRINCIPAL-NOMBRE DE CONGRESO | |
| 9 (RLIN) | 4608 |
| Nombre de congreso o jurisdicción como elemento de entrada | Congreso Universitario Internacional |
| Número del congreso o número de parte o sección de la obra | 6º |
| Fecha del congreso | 1991 |
| Sede del congreso | Sevilla |
| 245 13 - MENCIÓN DE TÍTULO | |
| Título | El descubrimiento de nuevos mundos |
| Mención de responsabilidad, etc. | XXIV Congreso Universitario Internacional Univ'91 |
| 260 ## - PUBLICACIÓN, DISTRIBUCIÓN, ETC. (PIE DE IMPRENTA) | |
| Lugar de publicación, distribución, etc. | [Pamplona] |
| Nombre del editor, distribuidor, etc. | Servicio de Publicaciones de la Universidad de Navarra |
| Fecha de publicación, distribución, etc. | 1992 |
| 300 ## - DESCRIPCIÓN FÍSICA | |
| Extensión | 147 p. |
| Dimensiones | 24 cm |
| 650 24 - PUNTO DE ACCESO ADICIONAL DE MATERIA - TÉRMINO DE MATERIA | |
| Término de materia o nombre geográfico como elemento inicial | Investigación |
| 9 (RLIN) | 4606 |
| Subdivisión de forma | Congresos y asambleas |
| 942 ## - ENTRADA DE ELEMENTOS AGREGADOS (KOHA) | |
| Fuente de clasificaión o esquema | Dewey Decimal Classification |
| Koha [por defecto] tipo de item | 1- Monografias |
| Suprimido | Perdido | Fuente de clasificación o esquema | Estropeado | Restricciones de uso | No para préstamo | Código de colección | Localización permanente | Localización actual | Localización en estanter&íacute;as | Fecha adquisición | Fuente de adquisición | Número de inventario | Préstamos totales | Signatura completa | Código de barras | Fecha última consulta | Fecha último préstamo | Coste, precio reemplazado | Fecha del precio de reemplazo | Tipo de item de Koha |
|---|---|---|---|---|---|---|---|---|---|---|---|---|---|---|---|---|---|---|---|---|
| NULL | NULL | Dewey Decimal Classification | NULL | Préstamo en Sala | NULL | NULL | Biblioteca Miguel de Cervantes - UNICAES | Biblioteca Miguel de Cervantes - UNICAES | Sala Principal | 29/07/2003 | Donación - UNAV | 002625 | 1 | 001.4060 CON des | 1002625 | 07/09/2016 | 06/09/2016 | 21.07 | 17/09/2013 | 1- Monografias |